Ideas centrales para documento del Pacto Educativo (Record no. 8265)

MARC details
000 -LEADER
campo de control de longitud fija 00370nam a2200133Ia 4500
001 - NÚMERO DE CONTROL
campo de control 3069
008 - DATOS DE LONGITUD FIJA--INFORMACIÓN GENERAL
campo de control de longitud fija 241024s9999 xx 000 0 und d
082 ## - NÚMERO DE LA CLASIFICACIÓN DECIMAL DEWEY
Número de clasificación RD/379/P12i
100 ## - ENTRADA PRINCIPAL--NOMBRE DE PERSONA
Nombre de persona República Dominicana. Pacto Educativo
245 #0 - MENCIÓN DEL TÍTULO
Título Ideas centrales para documento del Pacto Educativo
260 ## - PUBLICACIÓN, DISTRIBUCIÓN, ETC.
Nombre del editor, distribuidor, etc. Santo Domingo
Fecha de publicación, distribución, etc. 2013
901 ## - ELEMENTOS DE DATOS A LOCAL LDA (RLIN)
a 24/7/2013 12:03:47 p.m.

No items available.

© 2024. Todos los Derechos Reservados. Desarrollado por IDEICE